Online Catalogue and eLibrary

Woman in the past, Present and future. (Record no. 162)

MARC details
000 -LEADER
fixed length control field 00429nam a22001577a 4500
005 - DATE AND TIME OF LATEST TRANSACTION
control field 20231217234057.0
008 - FIXED-LENGTH DATA ELEMENTS--GENERAL INFORMATION
fixed length control field 231208b |||||||| |||| 00| 0 eng d
020 ## - INTERNATIONAL STANDARD BOOK NUMBER
ISBN 185305092x
082 ## - DDC Classification
DDC Edition Number 22
Class No. 305.4.
Item Number - Author Mark Aug.
100 ## - MAIN ENTRY--PERSONAL NAME
Personal name Bebel, august.
245 ## - TITLE STATEMENT
Title Woman in the past, Present and future.
Statement of responsibility, etc. William Reeves.
260 ## - PUBLICATION, DISTRIBUTION, ETC.
Place of publication, distribution, etc. London.,
Name of publisher, distributor, etc. Zuwan Publications.
Date of publication, distribution, etc. 1988.
300 ## - PHYSICAL DESCRIPTION
Extent (e.g. Volumes, Pages etc.) xxiv. 264.
650 ## - SUBJECT ADDED ENTRY--TOPICAL TERM
Topical term or geographic name entry element Social Conditions.
942 ## - Koha item type (Biblio)
Koha item type Books in Stacks (Lending)
Holdings
Lost status Damaged status Collection code Home library Current library Date acquired Full call number Accession Number Item type
    Lending WERC Library WERC Library 12/08/2023 305.4. Aug. 1149 Books in Stacks (Lending)

© WERC Library